| 000 | 00794nam a2200193Ia 4500 | ||
|---|---|---|---|
| 008 | 0000001992 pr a 0000000000spa00 | ||
| 090 | _aPPR00 V24e | ||
| 100 | 1 |
_aVelázquez, Edwin _d1961 |
|
| 245 | 1 | 0 |
_aEdwin Velázquez _b: pinturas _c/ fotografías Edwin Medina |
| 500 | _aExposición realizada en Galería Leonora Vega, San Juan de Puerto Rico, Mayo 5, 1992 \ Con el patronazgo del maestro venezolano Jesús Rafael Soto (q.e.p.d.) | ||
| 600 | 0 | 0 |
_aVELAZQUEZ, EDWIN, 1961 / _xTRABAJOS PICTORICOS |
| 650 | 1 | 4 | _aARTE CONTEMPORANEO PUERTORRIQUEÑO |
| 650 | 1 | 4 | _xCATALOGOS |
| 650 | 1 | 4 | _xEXPOSICIONES |
| 650 | 1 | 4 | _aPINTORES PUERTORRIQUEÑOS |
| 650 | 1 | 4 | _aPINTURA PUERTORRIQUEÑA |
| 700 | 1 | _aMedina, Edwin | |
| 999 |
_c1416 _d1416 |
||
| 260 |
_aSan Juan (Puerto Rico) : Galería Leonora Vega _c1992 |
||